Statystyki dla Flagi państw graniczących z Rosją

Kliknij tutaj aby rozwiązać quiz!

Ogólne statystyki

  • Ten quiz został rozwiązany 30 razy
  • Średni wynik to 12 z 13

Statystyki odpowiedzi

Odpowiedź% Poprawnych
Estonia
100%
Finlandia
100%
Gruzja
100%
Litwa
100%
Łotwa
100%
Norwegia
100%
Polska
100%
Ukraina
100%
Chiny
92%
Azerbejdżan
85%
Kazachstan
85%
Mongolia
81%
Korea północna
73%

Rozkład punktacji

Percentyl według liczby udzielonych odpowiedzi

Procent ludzi z każdym wynikiem

Twoja historia wyników

Nie rozwiązałeś tego quizu